000 00490nam a2200169 4500
001 121478
003 ES-MaACL
005 20230906191746.0
007 t|
008 070214s1964 sp r ||||1| spa d
100 1 _aPorcel, Baltasar.
_993114
245 1 0 _aMajorca /
_cBaltasar Porcel ; translated by Betty Morris.
260 _aBarcelona :
_bPlaneta,
_c1964.
300 _a143 p., 24 lám. :
_bil. ;
_c19 cm.
700 1 _aMorris, Betty.
_983667
852 _aES-MaACL
_jC-25700
_bR.54494
999 _c121478
_d121478